Estadísticas para Países Más Grandes por Población

Haz click aquí para tomar la prueba!

Estadísticas generales

  • Esta prueba ha sido tomada 18.110 veces
    (13.368 desde el último reinicio)
  • La puntuación promedio es 18 de 24

Estadísticas de respuestas

PoblaciónPaís% Correcto
1 383 MChina
100%
325 MEstados Unidos
99%
1 316 MIndia
98%
147 MRusia
97%
207 MBrasil
96%
123 MMéxico
94%
83 MAlemania
92%
67 MFrancia
91%
127 MJapón
91%
65 MReino Unido
83%
60 MItalia
81%
263 MIndonesia
80%
93 MEgipto
75%
196 MPakistán
71%
192 MNigeria
70%
80 MIrán
69%
162 MBangladés
65%
82 MRep. Dem. del Congo
64%
68 MTailandia
64%
79 MTurquía
64%
92 MVietnam
58%
104 MFilipinas
56%
104 MEtiopía
48%
57 MTanzania
31%

Distribución de puntuación

Porcentaje por número respondido

Porcentaje de gente con cada puntuación

Historial de tus puntuaciones

No has tomado esta prueba desde el último reinicio